| 000 | 01645nam a2200205Ia 4500 | ||
|---|---|---|---|
| 001 | 10047 | ||
| 003 | GE_BSU | ||
| 008 | 181216s||||||||xx |||||||||||||| ||und|| | ||
| 040 | _cGE_BSU | ||
| 245 | _aგადასახადები.№4, აპრილი 2014. | ||
| 245 | _bოფიციალური დოკუმენტები,დაბეგვრის თეორია და მეთოდოლოგია,დაბეგვრის პრაქტიკა,ფინანსები,აღრიცხვა და აუდიტი,ცვლილებები საფადასახადო და საბაჟო კანონმდებლობაში კომენტარებით, კითხვა-პასუხები. | ||
| 245 | _cმთ.რედ.დავით ჯალაღონია,რედ.მადონა გელაშვილი. | ||
| 260 | _aთბილისი | ||
| 260 | _c2014 | ||
| 300 | _a58გვ.29სმ. | ||
| 653 | _aგადასახადები | ||
| 653 | _aოფიციალური დოკუმენტები,დაბეგვრის თეორია და მეთოდოლოგია,დაბეგვრის პრაქტიკა,ფინანსები,აღრიცხვა და აუდიტი,ცვლილებები საფადასახადო და საბაჟო კანონმდებლობაში კომენტარებით, კითხვა-პასუხები. | ||
| 653 | _aპერიოდიკა | ||
| 942 | _cCR | ||
| 999 |
_c43320 _d43320 |
||